Upside Down Video Game Characters Quiz Stats

 Plays Quiz not verified by Sporcle

Support Sporcle.
Go Orange.
Score 0/16 Timer 08:00
0 Plays Today
Hint Character % Correct
Sonic the Hedgehog
97.9%
Pac-Man
96.5%
Luigi
94.4%
Pikachu
93.9%
Link
90.7%
Bowser
88.5%
Princess Peach
86.7%
Crash Bandicoot
80.4%
Hint Character % Correct
Creeper
68.7%
Lara Croft
68%
Steve
63.4%
Red
56%
Cloud Strife
55.6%
Ganondorf
50.1%
Carl Johnson
36.2%
Tidus
20.5%

You're not logged in!

Compare scores with friends on all Sporcle quizzes.
OR
Log In

From the Vault

Sunday Crossword: Brad Pitt

by bhenderson79

It's the handsomest crossword you'll play all year.
Remove Ads.
Support Sporcle.
Get the best of Sporcle when you Go Orange. This ad-free experience offers more features, more stats, and more fun while also helping to support Sporcle. Thank you for becoming a member.

Show Comments

Extras

Top Quizzes Today


Score Distribution

Your Account Isn't Verified!

In order to create a playlist on Sporcle, you need to verify the email address you used during registration. Go to your Sporcle Settings to finish the process.

Report this User

Report this user for behavior that violates our Community Guidelines.

Details: